Stavebné sporenie ako jedna z foriem financovania bytovej výstavby na Slovensku bakalárska práca

Guardado en:
Detalles Bibliográficos
Autor principal: Školník, Dušan
Autor Corporativo: Obchodná fakulta EU. Katedra služieb a cestovného ruchu - zrušené
Otros Autores: Dendiš, Ľubomír
Formato: Libro
Lenguaje:eslovaco
Publicado: Bratislava 2009
Etiquetas: Agregar Etiqueta
Sin Etiquetas, Sea el primero en etiquetar este registro!

MARC

LEADER 00000nam$a2200000$$$4500
001 0102849
005 20240318140330.8
041 0 |a slo 
044 |a SK 
245 1 0 |a Stavebné sporenie ako jedna z foriem financovania bytovej výstavby na Slovensku  |b bakalárska práca  |c Dušan Školník ; škol. Ľubomír Dendiš 
264 1 |a Bratislava  |c 2009 
300 |a 53 s. 
100 1 |a Školník, Dušan 
700 1 |a Dendiš, Ľubomír 
710 2 |a Obchodná fakulta EU. Katedra služieb a cestovného ruchu - zrušené